000 00883nam a2200265Ia 4500
003 OSt
005 20221005103802.0
006 a|||||r|||| 00| 0
007 ta
008 221004b |||||||| |||| 00| 0 hin d
020 _a8187416165
024 _a23629
037 _cTextual
040 _aCRL
_cCRL
_bhin
041 _2hin
_ahin
082 _aO152,3(Y15)xN5, N9
100 _aडालमिया, दिनेशनन्दिनी, संपा.
245 0 _aअब ! और नहीं
246 _aAb ! Aur nahīan
260 _aदिल्ली
_bआलोकपर्व भारत
_c1999
300 _a152पृ0
_ccm.
650 _aहिन्दी साहित्य
942 _hO152,3(Y15)xN5, N9
_cTEXL
_2cc
999 _c1010906
_d1010906